=LDR 00000nam 2200000 4500 =001 INLIS000000000002461 =005 20241107110526 =035 ##$$a 0010-1124000011 =007 ta =008 241107###########################0#eng## =020 ##$$a 9780060574215 =082 ##$$a 646.78 =084 ##$$a 646.78 GRA m =100 #$$a Gray John =245 1#$$a Men Are From Mars, Women Are From Venus : $b The Classic Guide To Understanding The Opposite Sex /$c Gray John =250 ##$$a Cetakan ke 20 =260 ##$$a United States :$b Harper Collins Publishers Inc.,$c 2024 =300 ##$$a 315 hlm. ; $c 20 x 14,5 cm =520 ##$$a Men Are from Mars, Women Are from Venus by John Gray is a popular book that explores the differences between men and women in terms of communication, emotional needs, and relationships. The core idea of the book is that men and women are from "different planets," meaning they have fundamentally different ways of thinking, behaving, and responding to situations, particularly in romantic relationships. The book emphasizes that men tend to be more solution-oriented, often needing space and time to solve problems on their own, while women typically seek emotional support and prefer to talk through issues. Gray discusses how misunderstandings and conflicts often arise because each gender assumes the other thinks and reacts the same way they do. By understanding and respecting these differences, couples can improve their communication, reduce conflicts, and build stronger, more harmonious relationships. In addition to communication, the book addresses the different ways men and women experience stress, show love, and handle intimacy. Gray also provides practical advice for bridging the gender gap, such as how men can listen more actively and how women can be clearer in expressing their needs. Overall, the book has had a significant impact on relationship counseling and self-help literature, though it has also been critiqued for reinforcing gender stereotypes. =650 #4$$a Guide to understanding the opposite sex =990 ##$$a B-2024-00114